Protocolo de nidos artificiales de la Fundación ProAves/ (Registro nro. 17501)
[ vista simple ]
| 000 -CABECERA | |
|---|---|
| Campo de control | 01075nam a22002297a 4500 |
| 005 - FECHA Y HORA DE LA ULTIMA TRANSACCION | |
| Campo de control | 20150630140418.0 |
| 008 - ELEMENTOS DE LONGITUD FIJA—INFORMACION GENERAL | |
| Campo de control | 150630b2006 ck ||||| |||| 00| 0 spa d |
| 040 ## - FUENTE DE CATALOGACIÓN | |
| Agencia catalogadora original | CO-BoIAVH |
| Agencia transcriptora | CO-BoIAVH |
| 041 ## - IDIOMA | |
| Código de idioma para texto/pista de sonido o título separado | Español |
| 044 ## - PAÍS DE PUBLICACIÓN | |
| País de publicación | Colombia |
| 090 ## - CLASIFICACIÓN LOCAL | |
| Colección | AR |
| Consecutivo | 01884 |
| 100 1# - ASIENTO PRINCIPAL--NOMBRE PERSONAL | |
| Nombre personal | Osorno Durán, Nicolai |
| 245 1# - MENCION DE TITULO | |
| Título | Protocolo de nidos artificiales de la Fundación ProAves/ |
| Mención de responsabilidad | Nicolai Osorno Durán |
| 260 3# - PUBLICACION, DISTRIBUCION, ETC. (PIE DE IMPRENTA) | |
| Lugar de publicación, distribución, etc. | Bogotá: |
| Nombre del editor, distribuidor, etc. | ProAves, |
| Fecha de publicación, distribución, etc. | 2006. |
| 300 ## - DESCRIPCION FISICA | |
| Extensión | Año 2006, Nro 2, Diciembre, Pag. 98-110. |
| 504 ## - NOTA DE BIBLIOGRAFIA, ETC. | |
| Nota de bibliografía | Incluye referencias bibliográficas (Pag. 108). |
| 520 ## - NOTA DE RESUMEN, ETC. | |
| Nota de resumen | Como respuesta a la gran amenaza que enfrentan varias de las especies de los loros de Colombia, en el año 2003 se dio inicio al Programa Nidos Artificiales de la Fundación ProAves, en la Reserva Natural de las Aves El Mirador, departamento del Quindío. |
| 650 #4 - ASIENTO SECUNDARIO DE MATERIA - TERMINO TEMATICO | |
| Término temático o nombre geográfico como elemento de entrada | Nidación |
| Subdivisión general | Protocolo |
| Subdivisión geográfica | Andes Colombianos |
| 650 #4 - ASIENTO SECUNDARIO DE MATERIA - TERMINO TEMATICO | |
| Término temático o nombre geográfico como elemento de entrada | Loros amenazados |
| Subdivisión geográfica | Andes Colombianos |
| 773 0# - Item fuente: | |
| Lugar, editorial y fecha de publicación | Bogotá : Fundación ProAves, 2006- |
| Otro identificador del ítem - Codigo de Barras | 038446 |
| Título | Revista Conservación Colombiana |
| Número Internacional Normalizado para Publicaciones Seriadas - ISSN | 19001592 |
| 942 ## - ELEMENTOS ADICIONALES (KOHA) | |
| Sistema de clasificación | Local |
| Tipo de ítem | Artículo |
| Withdrawn status | Lost status | Sistema de Clasificación | Damaged status | No para préstamo | Colección | Fecha publicación (Año) | Número revista | Ubicación Permanente | Ubicación actual | Fecha de adquisición | Fuente de Valor | Datos de publicación Seriada | Total Checkouts | Número topográfico | Inventario / Código de Barras | Date last seen | Ejemplar | Price effective from | Tipo de material |
|---|---|---|---|---|---|---|---|---|---|---|---|---|---|---|---|---|---|---|---|
| Local | No para Préstamo | Hemeroteca | 2006 | 2 | Bogotá | Bogotá | 30/06/2015 | Fundación ProAves | Fuera de circulación | AR-01884 | AUTO_29236 | 30/06/2015 | Ej. 1 | 30/06/2015 | Artículo |